ՀՀ Գիտությունների ազգային ակադեմիայի հիմնարար գիտական գրադարան  =   Fundamental Scientific Library of NAS RA

Индивидуальное развитие сельскохозяйственных животных и формирование их продуктивности : (Record no. 466553)

MARC details
000 -LEADER
fixed length control field 01387nam a2200241 a 4500
001 - CONTROL NUMBER
control field 000911759
003 - CONTROL NUMBER IDENTIFIER
control field AM-YeHGA
005 - DATE AND TIME OF LATEST TRANSACTION
control field 20250617161142.0
008 - FIXED-LENGTH DATA ELEMENTS--GENERAL INFORMATION
fixed length control field 120906s1966 un r 000 0 rus d
040 ## - CATALOGING SOURCE
Original cataloging agency AM-YeHGA
041 0# - LANGUAGE CODE
Language code of text/sound track or separate title rus
090 ## - LOCALLY ASSIGNED LC-TYPE CALL NUMBER (OCLC); LOCAL CALL NUMBER (RLIN)
-- 469766
245 00 - TITLE STATEMENT
Title Индивидуальное развитие сельскохозяйственных животных и формирование их продуктивности :
Remainder of title Межвузовская научная конференция. (20-24 сентября, 1966 года). Тезисы докладов /
Statement of responsibility, etc. Отв. ред. К.Б. Свечин; МСХ СССР; Глав. упр. высш. и сред. с.-х. образ. МСХ ССР; УСХА.
260 ## - PUBLICATION, DISTRIBUTION, ETC.
Place of publication, distribution, etc. Киев :
Name of publisher, distributor, etc. Б. и.,
Date of publication, distribution, etc. 1966.
300 ## - PHYSICAL DESCRIPTION
Extent 524 с. ;
Dimensions 26 см.
650 14 - SUBJECT ADDED ENTRY--TOPICAL TERM
Topical term or geographic name entry element Животноводство
700 1# - ADDED ENTRY--PERSONAL NAME
Personal name Свечин, К.В.
Relator term ред.
Relationship edt
710 2# - ADDED ENTRY--CORPORATE NAME
Corporate name or jurisdiction name as entry element Министерство сельского хозяйства CССР
710 2# - ADDED ENTRY--CORPORATE NAME
Corporate name or jurisdiction name as entry element Главное управление высшего и среднего сельскохозяйственного образования МСХ СССР
710 2# - ADDED ENTRY--CORPORATE NAME
Corporate name or jurisdiction name as entry element Украинская сельскохозяйственная академия
711 2# - ADDED ENTRY--MEETING NAME
Meeting name or jurisdiction name as entry element Межвузовская научная конференция
Date of meeting or treaty signing (20-24 сентября, 1966 :
Location of meeting Киев)
942 ## - ADDED ENTRY ELEMENTS (KOHA)
Source of classification or shelving scheme Universal Decimal Classification
Koha item type Գրքեր / Books
Holdings
Withdrawn status Lost status Damaged status Not for loan Collection Home library Current library Date acquired Total checkouts Full call number Barcode Date last seen Price effective from Koha item type Public note
        General Fundamental Scientific Library Fundamental Scientific Library 26/02/2018   PIII/21678 FL0483762 26/02/2018 26/02/2018 Գրքեր / Books 30 Days Loan


ՀՀ ԳԱԱ հիմնարար գիտական գրադարան
ՀՀ,Երևան 0019
Մարշալ Բաղրամյան 24/6
հեռախոս:(374-10) 52-47-50
Հետադարձ կապ

All site content, except where otherwise noted, is licensed under a
Creative Commons License